Normal view
MARC view
- Dale, Nell:Mcmillan, Michael:Weems, Chip
Entry Personal Name
001 - CONTROL NUMBER
- control field: 65985
003 - CONTROL NUMBER IDENTIFIER
- control field: NUST
005 - DATE AND TIME OF LATEST TRANSACTION
- control field: 20210628203523.0
008 - FIXED-LENGTH DATA ELEMENTS
- fixed length control field: 210628|| aca||aabn | a|a d
040 ## - CATALOGING SOURCE
- Original cataloging agency: NUST
- Transcribing agency: NUST
100 ## - HEADING--PERSONAL NAME
- Personal name: Dale, Nell:Mcmillan, Michael:Weems, Chip
670 ## - SOURCE DATA FOUND
- Source citation: Work cat.: (NUST): Dale, Nell:Mcmillan, Michael:Weems, Chip, Programming and problem solving with visual basic . Net, 2002
